[Event "MP do lat 16 - dziewczeta"]
[Site "Sypniewo"]
[Date "2022.03.23"]
[Round "5.18"]
[White "Reszka, Barbara"]
[Black "Walendykiewicz, Martyna"]
[Result "1/2-1/2"]
[BlackElo "1224"]
[WhiteElo "1156"]
[LiveChessVersion "1.4.8"]

1. e4 {[%clk 1:30:57]} e5 {[%clk 1:30:53]} 2. Nf3 {[%clk 1:31:15]} Nf6
{[%clk 1:31:17]} 3. Nxe5 {[%clk 1:31:32]} d6 {[%clk 1:31:32]} 4. Nf3
{[%clk 1:31:51]} Nxe4 {[%clk 1:31:48]} 5. Nc3 {[%clk 1:32:11]} Nf6
{[%clk 1:31:01]} 6. d4 {[%clk 1:29:43]} Bg4 {[%clk 1:30:08]} 7. h3
{[%clk 1:29:15]} Bh5 {[%clk 1:29:58]} 8. Be2 {[%clk 1:28:25]} Be7
{[%clk 1:29:15]} 9. Bf4 {[%clk 1:25:49]} c6 {[%clk 1:22:16]} 10. O-O
{[%clk 1:10:59]} h6 {[%clk 1:21:36]} 11. d5 {[%clk 1:06:37]} Bxf3
{[%clk 1:20:00]} 12. Bxf3 {[%clk 1:06:31]} c5 {[%clk 1:17:22]} 13. Re1
{[%clk 1:03:30]} O-O {[%clk 1:17:18]} 14. Qd2 {[%clk 1:01:01]} Nh7
{[%clk 1:14:11]} 15. Ne4 {[%clk 1:00:06]} Ng5 {[%clk 1:14:17]} 16. Nxg5
{[%clk 0:59:22]} Bxg5 {[%clk 1:14:32]} 17. c4 {[%clk 0:56:10]} Na6
{[%clk 1:13:50]} 18. a3 {[%clk 0:52:30]} Rc8 {[%clk 1:07:26]} 19. Rab1
{[%clk 0:38:41]} b6 {[%clk 0:47:31]} 20. Bxg5 {[%clk 0:34:02]} hxg5
{[%clk 0:46:47]} 21. Qd3 {[%clk 0:33:36]} Qf6 {[%clk 0:46:13]} 22. b4
{[%clk 0:26:50]} Rfe8 {[%clk 0:45:39]} 23. b5 {[%clk 0:22:50]} Nc7
{[%clk 0:44:54]} 24. Be4 {[%clk 0:19:08]} g6 {[%clk 0:41:51]} 25. Re3
{[%clk 0:18:14]} Qd4 {[%clk 0:41:39]} 26. Qxd4 {[%clk 0:17:38]} cxd4
{[%clk 0:42:08]} 27. Ree1 {[%clk 0:18:00]} Na8 {[%clk 0:42:03]} 28. Bd3
{[%clk 0:17:54]} Kf8 {[%clk 0:40:39]} 29. Re2 {[%clk 0:17:54]} Rxe2
{[%clk 0:40:54]} 30. Bxe2 {[%clk 0:18:17]} Re8 {[%clk 0:40:42]} 31. Kf1
{[%clk 0:18:22]} Nc7 {[%clk 0:40:31]} 32. Rd1 {[%clk 0:18:36]} Re4
{[%clk 0:40:24]} 33. Bf3 {[%clk 0:16:32]} Rf4 {[%clk 0:40:02]} 34. Ke2
{[%clk 0:16:40]} Ne8 {[%clk 0:40:06]} 35. g3 {[%clk 0:16:54]} d3+
{[%clk 0:40:23]} 36. Rxd3 {[%clk 0:17:03]} Rxc4 {[%clk 0:40:49]} 37. Ke3
{[%clk 0:14:24]} Nf6 {[%clk 0:40:31]} 38. Rd4 {[%clk 0:14:16]} Rc3+
{[%clk 0:39:37]} 39. Rd3 {[%clk 0:14:19]} Rc5 {[%clk 0:39:31]} 40. a4
{[%clk 0:44:13]} Rc4 {[%clk 1:09:50]} 41. Rd4 {[%clk 0:43:41]} Rxd4
{[%clk 1:09:54]} 42. Kxd4 {[%clk 0:44:01]} Nd7 {[%clk 1:10:13]} 43. Bd1
{[%clk 0:43:23]} Nc5 {[%clk 1:10:35]} 44. Bc2 {[%clk 0:43:38]} Ke7
{[%clk 1:10:35]} 45. f4 {[%clk 0:41:05]} Kf6 {[%clk 1:09:41]} 46. Ke3
{[%clk 0:39:11]} Nd7 {[%clk 1:09:20]} 47. Kd4 {[%clk 0:37:44]} gxf4
{[%clk 1:08:58]} 48. gxf4 {[%clk 0:38:03]} g5 {[%clk 1:09:16]} 49. Ke3
{[%clk 0:37:20]} gxf4+ {[%clk 1:09:00]} 50. Kxf4 {[%clk 0:37:37]} Ne5
{[%clk 1:09:22]} 51. Bb1 {[%clk 0:35:29]} Nc4 {[%clk 1:09:20]} 52. Bc2
{[%clk 0:33:27]} Nd2 {[%clk 1:07:12]} 53. Bd3 {[%clk 0:32:22]} Nb3
{[%clk 1:07:13]} 54. Bb1 {[%clk 0:31:30]} Kg7 {[%clk 1:07:06]} 55. Kg5
{[%clk 0:29:32]} Nd4 {[%clk 1:06:49]} 56. Bd3 {[%clk 0:27:08]} Nf3+
{[%clk 1:06:40]} 57. Kf4 {[%clk 0:26:48]} Ne5 {[%clk 1:06:32]} 58. Bc2
{[%clk 0:25:34]} Kf6 {[%clk 1:03:32]} 1/2-1/2

[Event "MP do lat 16 - dziewczeta"]
[Site "Sypniewo"]
[Date "2022.03.23"]
[Round "5.19"]
[White "Labedz, Gabriela"]
[Black "Trybus, Dominika"]
[Result "0-1"]
[BlackElo "1534"]
[WhiteElo "1404"]
[LiveChessVersion "1.4.8"]

1. e4 {[%clk 1:30:58]} c6 {[%clk 1:30:57]} 2. d4 {[%clk 1:31:21]} d5
{[%clk 1:31:25]} 3. e5 {[%clk 1:31:41]} Bf5 {[%clk 1:31:49]} 4. h4
{[%clk 1:31:52]} h5 {[%clk 1:31:25]} 5. Bd3 {[%clk 1:31:44]} Bxd3
{[%clk 1:30:29]} 6. Qxd3 {[%clk 1:31:59]} e6 {[%clk 1:30:55]} 7. Nf3
{[%clk 1:30:35]} c5 {[%clk 1:26:00]} 8. c4 {[%clk 1:27:50]} dxc4 {[%clk 1:24:24]}
9. Qxc4 {[%clk 1:24:52]} Nd7 {[%clk 1:24:29]} 10. Nc3 {[%clk 1:20:01]} a6
{[%clk 1:22:46]} 11. d5 {[%clk 1:10:16]} Nb6 {[%clk 1:22:57]} 12. Qe4
{[%clk 1:00:40]} exd5 {[%clk 1:17:34]} 13. Qf4 {[%clk 0:58:49]} Be7
{[%clk 1:12:52]} 14. Qg3 {[%clk 0:49:31]} Kf8 {[%clk 1:05:15]} 15. O-O
{[%clk 0:37:51]} Nh6 {[%clk 1:01:48]} 16. Ng5 {[%clk 0:34:56]} Qd7
{[%clk 0:54:00]} 17. f3 {[%clk 0:25:03]} Nf5 {[%clk 0:45:57]} 18. Qf4
{[%clk 0:22:39]} Bxg5 {[%clk 0:46:01]} 19. Qxg5 {[%clk 0:18:55]} Nd4
{[%clk 0:41:15]} 20. b3 {[%clk 0:15:42]} Rh6 {[%clk 0:32:32]} 21. Be3
{[%clk 0:12:07]} Ne6 {[%clk 0:30:23]} 22. Qf5 {[%clk 0:11:41]} Rh8
{[%clk 0:25:46]} 23. Bf2 {[%clk 0:10:40]} Nc8 {[%clk 0:24:40]} 24. Na4
{[%clk 0:07:57]} Qc7 {[%clk 0:20:30]} 25. Kh1 {[%clk 0:06:31]} Ne7
{[%clk 0:20:47]} 26. Qc2 {[%clk 0:06:26]} Rc8 {[%clk 0:18:30]} 27. Rfe1
{[%clk 0:06:01]} b5 {[%clk 0:17:28]} 28. Nc3 {[%clk 0:04:35]} d4 {[%clk 0:15:48]}
29. Ne4 {[%clk 0:02:56]} Qxe5 {[%clk 0:13:17]} 30. Ng5 {[%clk 0:02:41]} Qd5
{[%clk 0:12:51]} 31. Re4 {[%clk 0:02:11]} Nxg5 {[%clk 0:12:32]} 32. hxg5
{[%clk 0:02:34]} Nf5 {[%clk 0:08:56]} 33. Rae1 {[%clk 0:02:26]} g6
{[%clk 0:07:47]} 34. Re5 {[%clk 0:01:44]} Qd6 {[%clk 0:07:25]} 35. Qe4
{[%clk 0:01:34]} Kg7 {[%clk 0:06:53]} 36. Rd5 {[%clk 0:01:31]} Qc7
{[%clk 0:04:32]} 37. Re5 {[%clk 0:01:26]} h4 {[%clk 0:04:11]} 38. Kg1
{[%clk 0:01:34]} Ng3 {[%clk 0:02:47]} 39. Bxg3 {[%clk 0:01:29]} hxg3
{[%clk 0:03:12]} 40. Qf4 {[%clk 0:31:04]} Qd6 {[%clk 0:32:00]} 41. Qxg3
{[%clk 0:29:19]} d3 {[%clk 0:31:48]} 42. Qf4 {[%clk 0:29:04]} c4 {[%clk 0:30:29]}
43. bxc4 {[%clk 0:25:39]} bxc4 {[%clk 0:30:22]} 44. R5e4 {[%clk 0:24:38]} Qxf4
{[%clk 0:28:39]} 45. Rxf4 {[%clk 0:24:59]} d2 {[%clk 0:28:55]} 46. Rd1
{[%clk 0:25:08]} c3 {[%clk 0:28:51]} 0-1

[Event "MP do lat 16 - dziewczeta"]
[Site "Sypniewo"]
[Date "2022.03.23"]
[Round "5.22"]
[White "Kaznowska, Kinga"]
[Black "Romejko, Jagoda"]
[Result "0-1"]
[BlackElo "1361"]
[WhiteElo "1239"]
[LiveChessVersion "1.4.8"]

1. e4 {[%clk 1:30:58]} d5 {[%clk 1:30:56]} 2. exd5 {[%clk 1:31:24]} Qxd5
{[%clk 1:31:21]} 3. Nc3 {[%clk 1:31:47]} Qd8 {[%clk 1:31:48]} 4. d4
{[%clk 1:32:02]} Nf6 {[%clk 1:32:13]} 5. Nf3 {[%clk 1:32:13]} c6 {[%clk 1:32:40]}
6. Bf4 {[%clk 1:32:28]} Bf5 {[%clk 1:33:03]} 7. Bc4 {[%clk 1:32:48]} e6
{[%clk 1:33:07]} 8. O-O {[%clk 1:32:57]} Bd6 {[%clk 1:32:29]} 9. Bxd6
{[%clk 1:30:33]} Qxd6 {[%clk 1:32:53]} 10. Ne5 {[%clk 1:30:41]} O-O
{[%clk 1:32:11]} 11. Ne2 {[%clk 1:27:16]} Nbd7 {[%clk 1:31:11]} 12. Nxd7
{[%clk 1:27:22]} Qxd7 {[%clk 1:31:18]} 13. c3 {[%clk 1:27:42]} Rfd8
{[%clk 1:27:34]} 14. Bd3 {[%clk 1:27:29]} Bxd3 {[%clk 1:27:28]} 15. Qxd3
{[%clk 1:27:49]} Rac8 {[%clk 1:27:25]} 16. Rad1 {[%clk 1:27:50]} c5
{[%clk 1:26:49]} 17. Qb1 {[%clk 1:28:03]} Qc7 {[%clk 1:16:37]} 18. h3
{[%clk 1:27:17]} h6 {[%clk 1:14:05]} 19. Rd2 {[%clk 1:24:07]} e5 {[%clk 0:50:28]}
20. Rfd1 {[%clk 1:23:46]} exd4 {[%clk 0:49:58]} 21. cxd4 {[%clk 1:24:07]} cxd4
{[%clk 0:49:06]} 22. Rxd4 {[%clk 1:24:17]} Rxd4 {[%clk 0:48:05]} 23. Nxd4
{[%clk 1:24:17]} Qb6 {[%clk 0:44:05]} 24. Nf3 {[%clk 1:22:48]} Qc5
{[%clk 0:40:26]} 25. Nd4 {[%clk 1:14:20]} Re8 {[%clk 0:38:37]} 26. Nb3
{[%clk 1:12:33]} Qe5 {[%clk 0:37:14]} 27. Qc2 {[%clk 1:11:15]} Nd5
{[%clk 0:29:48]} 28. Nc1 {[%clk 1:07:26]} Nf4 {[%clk 0:27:27]} 29. f3
{[%clk 0:56:56]} Qg5 {[%clk 0:23:19]} 30. Kf1 {[%clk 0:51:15]} Nd5
{[%clk 0:14:29]} 31. Kg1 {[%clk 0:43:58]} Ne3 {[%clk 0:13:36]} 32. Qe2
{[%clk 0:44:18]} Rc8 {[%clk 0:12:23]} 33. Re1 {[%clk 0:33:02]} Rc2
{[%clk 0:11:33]} 34. h4 {[%clk 0:27:37]} Rxe2 {[%clk 0:10:42]} 35. Rxe2
{[%clk 0:27:57]} Qc5 {[%clk 0:10:25]} 36. Nb3 {[%clk 0:27:50]} Qb6
{[%clk 0:10:33]} 37. Kh2 {[%clk 0:27:52]} Nf1+ {[%clk 0:09:36]} 38. Kh3
{[%clk 0:28:04]} Qd6 {[%clk 0:09:08]} 39. Rf2 {[%clk 0:27:14]} Qg3#
{[%clk 0:09:29]} 0-1

[Event "MP do lat 16 - dziewczeta"]
[Site "Sypniewo"]
[Date "2022.03.23"]
[Round "5.23"]
[White "Gac-Mytych, Sara"]
[Black "Pieczewska, Jadwiga"]
[Result "1/2-1/2"]
[BlackElo "1234"]
[WhiteElo "1202"]
[LiveChessVersion "1.4.8"]

1. e4 {[%clk 1:30:58]} e6 {[%clk 1:30:56]} 2. d4 {[%clk 1:31:21]} d5
{[%clk 1:31:21]} 3. Nd2 {[%clk 1:31:43]} Nf6 {[%clk 1:31:43]} 4. e5
{[%clk 1:32:04]} Nfd7 {[%clk 1:32:04]} 5. Bd3 {[%clk 1:32:10]} c5
{[%clk 1:32:12]} 6. c3 {[%clk 1:31:59]} Nc6 {[%clk 1:32:19]} 7. Ne2
{[%clk 1:32:13]} cxd4 {[%clk 1:32:03]} 8. cxd4 {[%clk 1:30:29]} f6
{[%clk 1:31:38]} 9. exf6 {[%clk 1:30:09]} Qxf6 {[%clk 1:31:56]} 10. Nf3
{[%clk 1:25:27]} Bd6 {[%clk 1:31:43]} 11. Bg5 {[%clk 1:18:28]} Qf7
{[%clk 1:30:18]} 12. O-O {[%clk 1:09:49]} h6 {[%clk 1:27:53]} 13. Bd2
{[%clk 1:02:47]} O-O {[%clk 1:26:40]} 14. Qc2 {[%clk 0:51:54]} Kh8
{[%clk 1:01:55]} 15. Nh4 {[%clk 0:35:51]} Rd8 {[%clk 0:47:42]} 16. Ng6+
{[%clk 0:25:09]} Kg8 {[%clk 0:47:47]} 17. f4 {[%clk 0:21:13]} Nf6
{[%clk 0:33:41]} 18. Ne5 {[%clk 0:17:40]} Qc7 {[%clk 0:29:33]} 19. Rac1
{[%clk 0:14:17]} Bd7 {[%clk 0:26:50]} 20. Bg6 {[%clk 0:09:10]} Rf8
{[%clk 0:19:32]} 21. h3 {[%clk 0:07:03]} Rac8 {[%clk 0:13:11]} 22. Qd3
{[%clk 0:04:59]} Qd8 {[%clk 0:08:24]} 23. g4 {[%clk 0:03:37]} Be8
{[%clk 0:05:52]} 24. Bxe8 {[%clk 0:01:31]} Qxe8 {[%clk 0:05:36]} 25. Qg6
{[%clk 0:01:30]} Qxg6 {[%clk 0:05:08]} 26. Nxg6 {[%clk 0:01:58]} Rf7
{[%clk 0:05:30]} 27. a3 {[%clk 0:01:43]} Ne4 {[%clk 0:05:25]} 28. Be3
{[%clk 0:01:46]} Kh7 {[%clk 0:05:26]} 29. Ne5 {[%clk 0:01:58]} Bxe5
{[%clk 0:05:20]} 30. fxe5 {[%clk 0:01:30]} Rcf8 {[%clk 0:05:36]} 31. Rxf7
{[%clk 0:01:41]} Rxf7 {[%clk 0:06:01]} 32. Rf1 {[%clk 0:01:55]} Rxf1+
{[%clk 0:05:56]} 33. Kxf1 {[%clk 0:02:24]} g5 {[%clk 0:06:09]} 34. Kg2
{[%clk 0:01:23]} 1/2-1/2

[Event "MP do lat 16 - dziewczeta"]
[Site "Sypniewo"]
[Date "2022.03.23"]
[Round "5.24"]
[White "Wiecek, Karolina"]
[Black "Jureczko, Anna"]
[Result "1/2-1/2"]
[BlackElo "1200"]
[WhiteElo "1227"]
[LiveChessVersion "1.4.8"]

1. e4 {[%clk 1:30:57]} e5 {[%clk 1:30:46]} 2. Nf3 {[%clk 1:31:19]} Nf6
{[%clk 1:30:30]} 3. Nxe5 {[%clk 1:31:19]} d6 {[%clk 1:29:46]} 4. Nf3
{[%clk 1:31:42]} Nxe4 {[%clk 1:29:17]} 5. d3 Nf6 6. d4 {[%clk 1:30:12]} d5
{[%clk 1:24:20]} 7. Bd3 {[%clk 1:27:39]} Nc6 {[%clk 1:21:38]} 8. c3
{[%clk 1:25:27]} Bg4 {[%clk 1:18:15]} 9. O-O {[%clk 1:21:37]} Be7
{[%clk 1:12:55]} 10. Re1 {[%clk 1:17:40]} O-O {[%clk 1:06:28]} 11. Bf4
{[%clk 1:16:10]} Bd6 {[%clk 1:04:06]} 12. Bxd6 {[%clk 1:14:00]} Qxd6
{[%clk 1:04:24]} 13. Nbd2 {[%clk 1:10:15]} Rfe8 {[%clk 1:02:47]} 14. Qc2
{[%clk 1:06:26]} a6 {[%clk 1:01:14]} 15. a4 {[%clk 0:58:15]} g6 {[%clk 0:54:15]}
16. h3 {[%clk 0:54:07]} Bxf3 {[%clk 0:46:54]} 17. Nxf3 {[%clk 0:54:16]} Rxe1+
{[%clk 0:41:50]} 18. Rxe1 {[%clk 0:54:35]} Re8 {[%clk 0:42:14]} 19. Rxe8+
{[%clk 0:47:41]} Nxe8 {[%clk 0:42:37]} 20. Qe2 {[%clk 0:41:46]} Qe7
{[%clk 0:37:05]} 21. Qxe7 {[%clk 0:34:04]} Nxe7 {[%clk 0:37:27]} 22. Ne5
{[%clk 0:33:45]} Nf6 {[%clk 0:37:23]} 23. f3 {[%clk 0:30:14]} Kf8
{[%clk 0:34:10]} 24. Kf2 {[%clk 0:27:28]} Ke8 {[%clk 0:34:07]} 25. Ke3
{[%clk 0:26:41]} Nd7 {[%clk 0:34:04]} 26. Nxd7 {[%clk 0:22:33]} Kxd7
{[%clk 0:34:25]} 27. g4 {[%clk 0:21:17]} Ke6 {[%clk 0:31:56]} 28. f4
{[%clk 0:20:15]} a5 {[%clk 0:24:29]} 29. b3 {[%clk 0:18:15]} f5 {[%clk 0:19:48]}
30. g5 Kd6 {[%clk 0:19:32]} 31. h4 {[%clk 0:11:39]} 1/2-1/2

[Event "MP do lat 16 - dziewczeta"]
[Site "Sypniewo"]
[Date "2022.03.24"]
[Round "6.1"]
[White "Siekanska, Maria"]
[Black "Zabrzanska, Weronika"]
[Result "1/2-1/2"]
[BlackElo "1942"]
[WhiteElo "1989"]
[LiveChessVersion "1.4.8"]

1. d4 {[%clk 1:30:57]} Nf6 {[%clk 1:30:46]} 2. Nf3 {[%clk 1:31:19]} e6
{[%clk 1:29:34]} 3. g3 {[%clk 1:31:40]} d5 {[%clk 1:26:05]} 4. Bg2
{[%clk 1:31:55]} Be7 {[%clk 1:25:52]} 5. c4 {[%clk 1:32:00]} O-O {[%clk 1:25:44]}
6. Qc2 {[%clk 1:32:04]} Nbd7 {[%clk 1:20:27]} 7. Nbd2 {[%clk 1:31:20]} c5
{[%clk 1:19:25]} 8. O-O {[%clk 1:28:55]} cxd4 {[%clk 1:14:07]} 9. Nxd4
{[%clk 1:28:05]} e5 {[%clk 1:02:49]} 10. Nf5 {[%clk 1:23:20]} Nb6
{[%clk 1:02:36]} 11. Nxe7+ {[%clk 1:22:54]} Qxe7 {[%clk 1:02:49]} 12. cxd5
{[%clk 1:05:18]} Nfxd5 {[%clk 0:59:45]} 13. b3 {[%clk 1:01:17]} Nb4
{[%clk 0:55:02]} 14. Qb2 {[%clk 0:54:27]} Bf5 {[%clk 0:49:19]} 15. a3
{[%clk 0:52:33]} Nc6 {[%clk 0:46:45]} 16. Bxc6 {[%clk 0:50:13]} bxc6
{[%clk 0:47:07]} 17. Qc3 {[%clk 0:49:06]} Rac8 {[%clk 0:44:37]} 18. Bb2
{[%clk 0:47:26]} Rfd8 {[%clk 0:38:10]} 19. Rfd1 {[%clk 0:46:48]} f6
{[%clk 0:36:55]} 20. Rac1 {[%clk 0:45:38]} Rd6 {[%clk 0:29:02]} 21. a4
{[%clk 0:36:32]} Qd7 {[%clk 0:25:22]} 22. Ba3 {[%clk 0:29:05]} c5
{[%clk 0:11:26]} 23. a5 {[%clk 0:26:07]} Rd8 {[%clk 0:08:26]} 24. Bxc5
{[%clk 0:20:19]} Rxd2 {[%clk 0:05:44]} 25. Rxd2 {[%clk 0:20:34]} Qxd2
{[%clk 0:06:03]} 26. Qxd2 {[%clk 0:18:41]} Rxd2 {[%clk 0:06:27]} 27. axb6
{[%clk 0:19:00]} axb6 {[%clk 0:06:41]} 28. Bxb6 {[%clk 0:19:10]} Rb2
{[%clk 0:05:32]} 29. e3 {[%clk 0:19:07]} Rxb3 {[%clk 0:05:52]} 30. Bc5
{[%clk 0:19:28]} Be4 {[%clk 0:05:25]} 31. h3 {[%clk 0:16:23]} Bf3
{[%clk 0:02:48]} 32. g4 {[%clk 0:15:40]} Be4 {[%clk 0:02:35]} 33. Kh2
{[%clk 0:15:37]} Rb1 {[%clk 0:02:23]} 34. Rxb1 {[%clk 0:16:01]} Bxb1
{[%clk 0:02:50]} 1/2-1/2

[Event "MP do lat 16 - dziewczeta"]
[Site "Sypniewo"]
[Date "2022.03.24"]
[Round "6.2"]
[White "Bukala, Weronika"]
[Black "Barwinska, Ewa"]
[Result "1/2-1/2"]
[BlackElo "1848"]
[WhiteElo "1801"]
[LiveChessVersion "1.4.8"]

1. e4 {[%clk 1:30:35]} c5 {[%clk 1:30:57]} 2. Nf3 {[%clk 1:30:50]} Nc6
{[%clk 1:31:20]} 3. d4 {[%clk 1:31:15]} cxd4 {[%clk 1:31:42]} 4. Nxd4
{[%clk 1:31:44]} Qb6 {[%clk 1:31:51]} 5. Nb3 {[%clk 1:31:49]} Nf6
{[%clk 1:32:11]} 6. Nc3 {[%clk 1:31:10]} e6 {[%clk 1:32:20]} 7. a3
{[%clk 1:27:04]} Be7 {[%clk 1:29:31]} 8. Be3 {[%clk 1:26:07]} Qc7 9. f4
{[%clk 1:24:23]} d6 {[%clk 1:27:33]} 10. Qf3 {[%clk 1:24:04]} a6 {[%clk 1:24:43]}
11. g4 {[%clk 1:17:42]} b5 {[%clk 1:19:23]} 12. g5 {[%clk 1:06:40]} Nd7
{[%clk 1:19:13]} 13. h4 {[%clk 1:05:40]} Rb8 {[%clk 1:11:21]} 14. h5
{[%clk 0:54:45]} b4 {[%clk 1:07:04]} 15. axb4 {[%clk 0:53:42]} Nxb4
{[%clk 1:05:51]} 16. O-O-O {[%clk 0:43:34]} Nc5 {[%clk 0:45:16]} 17. Bxc5
{[%clk 0:38:14]} dxc5 {[%clk 0:45:39]} 18. Bc4 {[%clk 0:37:20]} O-O
{[%clk 0:34:06]} 19. Rdg1 {[%clk 0:33:47]} a5 {[%clk 0:32:17]} 20. Nb5
{[%clk 0:30:14]} Rxb5 {[%clk 0:27:21]} 21. Bxb5 {[%clk 0:30:42]} c4
{[%clk 0:25:02]} 22. Nd2 {[%clk 0:24:59]} c3 {[%clk 0:19:24]} 23. bxc3
{[%clk 0:25:11]} Na2+ {[%clk 0:17:27]} 24. Kb2 {[%clk 0:25:08]} Qc5
{[%clk 0:17:08]} 25. c4 {[%clk 0:19:29]} Nb4 {[%clk 0:10:52]} 26. Qc3
{[%clk 0:18:34]} Rd8 {[%clk 0:07:23]} 27. Nb3 {[%clk 0:11:28]} Qb6
{[%clk 0:06:10]} 28. g6 {[%clk 0:10:50]} fxg6 {[%clk 0:05:05]} 29. hxg6
{[%clk 0:09:32]} h6 {[%clk 0:05:26]} 30. Rd1 {[%clk 0:08:14]} Rf8
{[%clk 0:05:27]} 31. Qg3 {[%clk 0:06:43]} a4 {[%clk 0:04:35]} 32. c3
{[%clk 0:04:45]} Nc6 {[%clk 0:03:49]} 33. Nd4 {[%clk 0:04:38]} Nxd4
{[%clk 0:04:12]} 34. cxd4 {[%clk 0:04:06]} Bd7 {[%clk 0:04:23]} 35. Rh5
{[%clk 0:03:56]} Bf6 {[%clk 0:04:01]} 36. Qd3 {[%clk 0:03:34]} Be8
{[%clk 0:03:03]} 37. f5 {[%clk 0:02:33]} exf5 {[%clk 0:02:08]} 38. exf5
{[%clk 0:02:18]} Bxb5 {[%clk 0:01:26]} 39. cxb5 Rc8 {[%clk 0:01:04]} 40. Ka2
{[%clk 0:31:44]} Qb7 {[%clk 0:30:39]} 41. d5 {[%clk 0:22:36]} Kh8
{[%clk 0:23:45]} 42. Re1 {[%clk 0:20:33]} Qb6 {[%clk 0:11:30]} 43. Qe2
{[%clk 0:15:48]} Rf8 {[%clk 0:09:56]} 44. Qd2 {[%clk 0:15:30]} Kg8
{[%clk 0:09:08]} 45. Qe2 {[%clk 0:13:43]} Qd4 {[%clk 0:09:10]} 46. Rd1
{[%clk 0:13:44]} Qc3 {[%clk 0:08:10]} 47. Rb1 {[%clk 0:11:10]} Qd4
{[%clk 0:08:26]} 48. Rc1 {[%clk 0:08:17]} Kh8 {[%clk 0:07:05]} 49. Rd1 1/2-1/2

[Event "MP do lat 16 - dziewczeta"]
[Site "Sypniewo"]
[Date "2022.03.24"]
[Round "6.3"]
[White "Mroz, Lena"]
[Black "Tokarz, Izabela"]
[Result "1/2-1/2"]
[BlackElo "1796"]
[WhiteElo "1773"]
[LiveChessVersion "1.4.8"]

1. e4 {[%clk 1:30:58]} d6 {[%clk 1:30:29]} 2. d4 {[%clk 1:31:14]} Nf6
{[%clk 1:30:51]} 3. Nc3 {[%clk 1:31:14]} g6 {[%clk 1:31:15]} 4. f4
{[%clk 1:31:30]} Bg7 {[%clk 1:31:41]} 5. Nf3 {[%clk 1:31:47]} O-O
{[%clk 1:32:01]} 6. Bd3 {[%clk 1:31:59]} Nc6 {[%clk 1:30:49]} 7. O-O
{[%clk 1:30:11]} e5 {[%clk 1:29:56]} 8. fxe5 {[%clk 1:21:26]} dxe5
{[%clk 1:30:22]} 9. d5 {[%clk 1:21:02]} Nd4 {[%clk 1:30:37]} 10. Qe1
{[%clk 1:17:17]} Nxf3+ {[%clk 1:12:39]} 11. Rxf3 {[%clk 1:15:52]} Ne8
{[%clk 1:07:29]} 12. Qg3 {[%clk 1:02:46]} Nd6 {[%clk 1:06:48]} 13. Nb5
{[%clk 0:54:28]} Nxb5 {[%clk 1:02:53]} 14. Bxb5 {[%clk 0:54:46]} c6
{[%clk 0:48:33]} 15. Bc4 {[%clk 0:49:45]} Qb6+ {[%clk 0:48:58]} 16. Qf2
{[%clk 0:47:50]} Qb4 {[%clk 0:46:32]} 17. Bb3 {[%clk 0:38:49]} Qxe4
{[%clk 0:39:34]} 18. dxc6 {[%clk 0:34:55]} Bf5 {[%clk 0:37:44]} 19. cxb7
{[%clk 0:31:07]} Qxb7 {[%clk 0:38:09]} 20. c3 {[%clk 0:30:08]} a5
{[%clk 0:33:28]} 21. Qh4 {[%clk 0:08:36]} a4 {[%clk 0:23:51]} 22. Bc4
{[%clk 0:05:50]} a3 {[%clk 0:24:00]} 23. b3 {[%clk 0:05:00]} e4 {[%clk 0:12:16]}
24. Rg3 {[%clk 0:03:36]} Qb6+ {[%clk 0:07:44]} 25. Be3 {[%clk 0:02:35]} Qa5
{[%clk 0:08:05]} 26. Bd2 {[%clk 0:00:51]} Rad8 {[%clk 0:07:55]} 27. Bg5
{[%clk 0:01:06]} Bxc3 {[%clk 0:02:41]} 28. Bxd8 {[%clk 0:00:49]} Qc5+
{[%clk 0:03:06]} 29. Kh1 {[%clk 0:00:49]} Bxa1 {[%clk 0:03:30]} 30. h3
{[%clk 0:00:43]} Qd4 {[%clk 0:03:15]} 31. Bg5 {[%clk 0:00:46]} Qd1+
{[%clk 0:03:29]} 32. Kh2 {[%clk 0:01:15]} Bd4 {[%clk 0:01:49]} 33. Be3
{[%clk 0:01:21]} Be5 {[%clk 0:01:03]} 34. Bf4 {[%clk 0:01:49]} Qd6
{[%clk 0:01:17]} 35. Bxe5 {[%clk 0:02:05]} Qxe5 {[%clk 0:01:45]} 36. Qg5
{[%clk 0:01:46]} Kg7 {[%clk 0:00:55]} 37. Qd2 {[%clk 0:01:06]} Qb2
{[%clk 0:00:58]} 38. Qf4 {[%clk 0:01:12]} Qf6 {[%clk 0:00:54]} 39. Qc1
{[%clk 0:01:12]} Qd6 {[%clk 0:00:41]} 40. Qc3+ {[%clk 0:31:09]} Qf6
{[%clk 0:30:41]} 41. Qa5 {[%clk 0:30:52]} h5 {[%clk 0:28:58]} 42. Qxa3
{[%clk 0:18:23]} Qe5 {[%clk 0:28:55]} 43. h4 {[%clk 0:18:47]} Qf4
{[%clk 0:28:15]} 44. Qe7 {[%clk 0:18:57]} Bg4 {[%clk 0:24:12]} 45. Bd5
{[%clk 0:16:29]} Bf5 {[%clk 0:22:25]} 46. a4 {[%clk 0:13:44]} e3 {[%clk 0:21:57]}
47. Qxe3 {[%clk 0:12:17]} Qxh4+ {[%clk 0:22:22]} 48. Kg1 {[%clk 0:12:45]} 1/2-1/2